| 000 | 03503nam a2200337 a 4500 | ||
|---|---|---|---|
| 003 | OSt | ||
| 005 | 20250918091422.0 | ||
| 007 | cr ||||||a|a|a | ||
| 008 | 250815s2025 mx a|||fom||| 001 0 spa d | ||
| 040 | _erda | ||
| 100 | 1 |
_aPedraza Reyes, Salvador Eduardo _9190949 |
|
| 245 | 1 | 0 |
_aEfecto de un sistema de alimentación de cafetería en gallinas Bovans white/ _cpor Salvador Eduardo Pedraza Reyes; director de tesis Benito Bello Olivera; secretario Jennifer Pérez Martinez; vocal María Guadalupe Zambrano Velasco; suplente Esther Sosa Montes; suplente Eliseo Sosa Montes. |
| 264 | 1 |
_aChapingo, México : _bEl autor, _c2025. |
|
| 300 |
_a1 recurso en línea (60 páginas): _bcuadros, figuras. |
||
| 336 |
_2rdacontent _atexto _btxt |
||
| 337 |
_2rdamedia _acomputadora _bc |
||
| 338 |
_2rdacarrier _arecurso en línea _bcr |
||
| 502 |
_bIAEZ _cZootecnía _d2025. _gLIC |
||
| 504 | _aIncluye referencias bibliográfica:52-57 páginas . | ||
| 520 | _aLa alimentación representa hasta el 80% de los costos en los sistemas de producción animal, por lo que la optimización de las estrategias alimenticias es fundamental para mejorar la rentabilidad de las unidades de producción pecuaria. En este contexto, el presente estudio evaluó el impacto del sistema de alimentación tipo cafetería en el consumo de nutrientes y el comportamiento productivo de gallinas Bovans White en postura, con el objetivo de mejorar la eficiencia alimenticia en avicultura. Se llevó a cabo un diseño experimental con dos grupos de alimentación y cuatro repeticiones, utilizando un total de 64 gallinas Bovans White de 48 semanas de edad, distribuidas completamente al azar. Se compararon dos tratamientos: una dieta convencional (testigo) y un sistema de alimentación tipo cafetería, en el que las aves tuvieron acceso a dos comederos, uno con una dieta alta en energía, proteína y fósforo, y otro con una dieta rica en calcio. Se evaluaron el consumo de alimento, el porcentaje de postura, la masa y el peso del huevo, la conversión alimenticia y el consumo de fósforo (P), calcio (Ca) y energía metabolizable (EM). Los resultados mostraron que las gallinas, gracias a su capacidad natural de selección de alimento, lograron ajustar su ingesta para cubrir sus requerimientos de calcio sin comprometer su estado nutricional ni la producción de huevo. Se observó un aumento en el peso y la masa del huevo, sin diferencias significativas en el porcentaje de postura, además de una reducción en la conversión alimenticia, lo que indica una mayor eficiencia del sistema de alimentación tipo cafetería en comparación con el método convencional. Estos hallazgos sugieren que la implementación de este sistema puede mejorar la productividad en aves de postura, optimizar el uso de los nutrientes y reducir costos de alimentación, contribuyendo así a la sostenibilidad de la producción avícola. | ||
| 650 | 4 |
_aGallinas _xNutrición _944443 |
|
| 650 | 4 |
_aGallinas de postura _xRendimiento _9191190 |
|
| 650 | 4 |
_aHuevos _xProducción _956759 |
|
| 700 | 1 |
_aBello Olivera, Benito _9128794 _edirector. |
|
| 700 | 1 |
_aPérez Martínez, Jennifer _9191050 _esecretario. |
|
| 700 | 1 |
_aZambrano Velasco, María Guadalupe _9128793 _evocal. |
|
| 700 | 1 |
_aSosa Montes, Esther _9108817 _esuplente. |
|
| 700 | 1 |
_aSosa Montes, Eliseo _9108816 _esuplente. |
|
| 856 |
_uhttp://10.13.5.2/tesis/tl/1511924-4_PEDRAZA_REYES_SALVADOREDUARDO.pdf _zDESCARGAR PDF |
||
| 942 |
_2Clasificación Universidad Autónoma Chapingo _cTD |
||
| 999 |
_c220820 _d220820 |
||